00937nam a22001937a 45000010005000000030006000050050017000110080041000280200018000690400029000870820011001161000018001272450082001452600049002273000050002765200366003266500021006927000030007135753FISKH20250120154128.0250120b cb ||||| |||| 00| 0 eng d a9780199129317 aFISKHbengcFISKHdFISKH a910.71 aKelly, David  aComplete geography for Cambridge IGCSE / cby David Kelly and Muriel Fretwell aOxford : bOxford University Press ;c2012.  a365 pages : bcolor illustrations ;c28 cm .  aWritten by examiners to exactly match the latest Cambridge syllabus for first examination in 2016, it is packed with relevant international case studies on subjects that will resonate with students. Physical geography is thoroughly covered, along with incredibly comprehensive support for Papers 2, 3 and 4, and digital content that adds flexibility. â–¾Members aKS4vNon-fiction aFretwell, Murieleauthor